000 00669nam a2200229Ia 4500
003 OSt
005 20221007073141.0
006 a|||||r|||| 00| 0
007 ta
008 221006b |||||||| |||| 00| 0 eng d
024 _a24,504
037 _cTextual
040 _aFLL
_cFLL
_beng
041 _2eng
_aeng
082 _aZ252:2:3qN72, L6
100 _aGopal Shiva
_9480899
245 0 _aUttar Pradesh urban buildings (regulation of letting, rent and eviction) act, 1972
260 _aLucknow
_bEastern Book Co India
_c1976
300 _avii,1-378p
_ccm.
942 _hZ252:2:3qN72, L6
_cTEXL
_2CC
999 _c1147822
_d1147822